000
00478nam a2200169Ia 4500
008
090711s9999 xx 000 0 und d
082
_b
54313
100
_a
पानवलकर श्री. दा.
245
_a
शूटिंग
260
_c
1985
300
_a
96
600
_a
पानवलकर श्री. दा.
630
_a
शूटिंग
700
_a
पानवलकर श्री. दा.
730
_a
शूटिंग
942
_c
BOOK
999
_c
308203
_d
308203